LIBRARY & INFORMATION CENTRE, KCAET, TAVANUR

ONLINE PUBLIC ACCESS CATALOGUE (OPAC)

Elementary Engineering Drawing / (Record no. 3250)

MARC details
000 -LEADER
fixed length control field 00293cam a2200121ua 4500
082 ## - DEWEY DECIMAL CLASSIFICATION NUMBER
Classification number 604
Item number BHA/EL
100 ## - MAIN ENTRY--AUTHOR NAME
Personal name Bhatt, N D .
245 ## - TITLE STATEMENT
Title Elementary Engineering Drawing /
250 ## - EDITION STATEMENT
Edition statement 16 /
260 ## - PUBLICATION, DISTRIBUTION, ETC. (IMPRINT)
Place of publication Anand :
Name of publisher Charotar publishing house ,
Year of publication 1980.
300 ## - PHYSICAL DESCRIPTION
Number of Pages 581 ; .
942 ## - ADDED ENTRY ELEMENTS (KOHA)
Koha item type Books
Holdings
Withdrawn status Lost status Damaged status Home library Current library Date acquired Full call number Accession Number Koha item type
      KAUAET KAUAET 07/04/2012 604 14298 Books
free website counter